[Event "41st Guernsey Intl. -  Holiday  2015"]
[Site "Guernsey, GCI"]
[Date "2015.10.19"]
[Round "2"]
[White "Gunn, Michael J"]
[Black "Gibzinski, Stanislaw"]
[Result "0-1"]
[WhiteElo "1665"]
[BlackElo "1281"]
[PlyCount "114"]
[EventDate "2015.10.18"]
[EventType "swiss"]
[EventRounds "7"]

1. c4 e6 2. d4 d5 3. e3 Nf6 4. Nc3 c6 5. Nf3 Nbd7 6. a3 b6 7. cxd5 cxd5 8. Bd3
Bd6 9. O-O O-O 10. b4 Bb7 11. Bb2 Rc8 12. Nb5 Bb8 13. Qe2 a6 14. Nc3 Ne4 15.
Rac1 b5 16. g3 Nd6 17. Nd2 Nc4 18. Nxc4 dxc4 19. Bb1 Nf6 20. f3 Re8 21. Rcd1
Qc7 22. e4 Rcd8 23. Bc1 h6 24. f4 Ba7 25. Be3 Qc6 26. h3 Re7 27. Kh2 Bb6 28. d5
exd5 29. Bxb6 Qxb6 30. e5 Ne4 31. Nxe4 dxe4 32. Rxd8+ Qxd8 33. Bxe4 Bxe4 34.
Qxe4 Rd7 35. Kg2 Rd4 36. Qc6 Qd5+ 37. Qxd5 Rxd5 38. Rf3 Kf8 39. Rc3 Ke7 40. Kf3
Ke6 41. Ke4 Rd1 42. f5+ Kd7 43. g4 Kc6 44. Re3 Rd3 45. Rxd3 cxd3 46. Kxd3 Kd5
47. e6 fxe6 48. fxe6 Kxe6 49. Kd4 Kd6 50. h4 g6 51. g5 h5 52. Ke4 Ke6 53. Kf4
Kd5 54. Ke3 Ke5 55. Kf3 Kf5 56. Ke3 Kg4 57. Ke4 Kxh4 0-1

[Event "41st Guernsey Intl. -  Holiday  2015"]
[Site "Guernsey, GCI"]
[Date "2015.10.19"]
[Round "2"]
[White "Foster, Paul"]
[Black "Harnden, Terry"]
[Result "1-0"]
[WhiteElo "1653"]
[BlackElo "1480"]
[PlyCount "69"]
[EventDate "2015.10.18"]
[EventType "swiss"]
[EventRounds "7"]

1. e4 c5 2. Nc3 d6 3. f4 Nf6 4. Bc4 Nc6 5. Nf3 g6 6. O-O Bg7 7. d3 e6 8. Qe1
O-O 9. f5 exf5 10. Qh4 Ne5 11. Nxe5 dxe5 12. Bg5 Qd4+ 13. Kh1 Nh5 14. Nd5 Qxb2
15. Ne7+ Kh8 16. exf5 Bxf5 17. Nxf5 f6 18. Nxg7 Kxg7 19. Be3 b6 20. Bb3 Qc3 21.
Rab1 Qa5 22. Rf2 Qa6 23. Qe4 Rad8 24. g4 Nf4 25. Bxf4 Rd4 26. Qe3 exf4 27. Qe7+
Kh6 28. Qxf8+ Kg5 29. h4+ Kxg4 30. Rg1+ Kf5 31. Qe7 Qc8 32. Re2 Qc6+ 33. Kh2 f3
34. Be6+ Qxe6 35. Qxe6+ 1-0

[Event "41st Guernsey Intl. -  Holiday  2015"]
[Site "Guernsey, GCI"]
[Date "2015.10.19"]
[Round "2"]
[White "Beadle, John R"]
[Black "Namazbayeva, Sholpan"]
[Result "0-1"]
[WhiteElo "1643"]
[BlackElo "1449"]
[PlyCount "86"]
[EventDate "2015.10.18"]
[EventType "swiss"]
[EventRounds "7"]

1. e4 c6 2. d4 d5 3. e5 Bf5 4. h4 h6 5. Bd3 Bxd3 6. Qxd3 e6 7. Nf3 Nd7 8. Nc3
Bb4 9. Bd2 Ne7 10. a3 Ba5 11. Ne2 Bb6 12. Nf4 h5 13. O-O-O Qc7 14. Bc3 Nf5 15.
Rdg1 O-O-O 16. Qd2 Rh6 17. Ng5 Nf8 18. Rh3 Qe7 19. Bb4 Qd7 20. Ne2 Ng6 21. Nf3
Kb8 22. Ba5 Qc7 23. Bxb6 axb6 24. Rd1 Ka7 25. Qb4 Ra8 26. Rd3 Kb8 27. Rb3 b5
28. Nc3 Nf4 29. Rh2 Qa5 30. Qf8+ Ka7 31. Qc5+ Qb6 32. Qxb6+ Kxb6 33. g3 Ng6 34.
Ng5 Nxd4 35. Nxf7 Nxb3+ 36. cxb3 Rh7 37. Ng5 Rhh8 38. Nxe6 Nxe5 39. Nxg7 Nf3
40. Rh1 Nd4 41. b4 Rh7 42. Rd1 Rxg7 43. Rxd4 Rf8 0-1

[Event "41st Guernsey Intl. -  Holiday  2015"]
[Site "Guernsey, GCI"]
[Date "2015.10.19"]
[Round "2"]
[White "Bennett, David W"]
[Black "Gstalter, Herbert"]
[Result "0-1"]
[WhiteElo "1360"]
[BlackElo "1640"]
[PlyCount "70"]
[EventDate "2015.10.18"]
[EventType "swiss"]
[EventRounds "7"]

1. Nf3 Nf6 2. d4 e6 3. Bf4 c5 4. c3 Nc6 5. Nbd2 cxd4 6. cxd4 d5 7. a3 Qb6 8.
Nb3 Be7 9. e3 O-O 10. Be2 a5 11. Qc2 a4 12. Nbd2 Bd7 13. O-O Rfc8 14. Qb1 Na5
15. Ne5 Bb5 16. Bxb5 Qxb5 17. Qa2 Rc2 18. Ndf3 Rxb2 19. Rfb1 Rxa2 20. Rd1 Qb2
21. Rxa2 Qxa2 22. h3 Rc8 23. Nd3 Bxa3 24. Kh2 Nc4 25. Rg1 Nh5 26. g4 Nxf4 27.
exf4 f6 28. Rg2 Nd2 29. Nfe1 Qc4 30. f3 Nxf3+ 31. Kg3 Nxe1 32. Nxe1 Qxd4 33.
Re2 Rc3+ 34. Kh4 Qxf4 35. Rg2 Qh6# 0-1

[Event "41st Guernsey Intl. -  Holiday  2015"]
[Site "Guernsey, GCI"]
[Date "2015.10.19"]
[Round "2"]
[White "Joyeux, Gerard"]
[Black "Newrick, William R"]
[Result "1-0"]
[WhiteElo "1594"]
[BlackElo "1366"]
[PlyCount "55"]
[EventDate "2015.10.18"]
[EventType "swiss"]
[EventRounds "7"]

1. d4 d5 2. e4 Nc6 3. c3 e6 4. e5 Be7 5. Bd3 f6 6. Qh5+ Kd7 7. Nf3 Qe8 8. Qg4
g6 9. c4 f5 10. Qf4 Nb4 11. Qd2 Nxd3+ 12. Qxd3 Bb4+ 13. Bd2 Bxd2+ 14. Nbxd2 c6
15. cxd5 cxd5 16. O-O Ne7 17. Rac1 Nc6 18. a3 Ke7 19. b4 a6 20. Qc3 Bd7 21. Nb3
b6 22. a4 Rc8 23. Qd2 Kf7 24. a5 Qd8 25. axb6 Qxb6 26. Nc5 Rhd8 27. Qh6 Kg8 28.
Ng5 1-0

[Event "41st Guernsey Intl. -  Holiday  2015"]
[Site "Guernsey, GCI"]
[Date "2015.10.19"]
[Round "2"]
[White "Wood, Stuart E"]
[Black "Lorthioir, Gwenegan"]
[Result "1/2-1/2"]
[WhiteElo "1543"]
[BlackElo "1292"]
[PlyCount "61"]
[EventDate "2015.10.18"]
[EventType "swiss"]
[EventRounds "7"]

1. d4 d5 2. Bg5 c6 3. a3 Bf5 4. e3 Nd7 5. Bd3 Bxd3 6. cxd3 Ngf6 7. Bxf6 Nxf6 8.
f4 e6 9. Nf3 Bd6 10. Ne5 Bxe5 11. fxe5 Nd7 12. O-O O-O 13. Nd2 f6 14. Nf3 Qc7
15. exf6 Rxf6 16. Qd2 Raf8 17. Qe2 e5 18. Ng5 Rxf1+ 19. Rxf1 Rxf1+ 20. Qxf1 Nf6
21. Qf5 exd4 22. exd4 Qe7 23. Nf3 Qe3+ 24. Kf1 Qc1+ 25. Kf2 Qxb2+ 26. Kg3 h6
27. Qe6+ Kh7 28. Qf5+ Kg8 29. Qc8+ Kh7 30. Qf5+ Kg8 31. Qe6+ 1/2-1/2

[Event "41st Guernsey Intl. -  Holiday  2015"]
[Site "Guernsey, GCI"]
[Date "2015.10.20"]
[Round "3"]
[White "Van Hoek, Wim"]
[Black "Kirk, Matthew"]
[Result "1/2-1/2"]
[WhiteElo "1869"]
[BlackElo "1749"]
[PlyCount "40"]
[EventDate "2015.10.18"]
[EventType "swiss"]
[EventRounds "7"]

1. e4 c6 2. d4 d5 3. e5 Bf5 4. h4 h5 5. c4 e6 6. Nc3 Ne7 7. Bg5 dxc4 8. Bxc4
Nd7 9. Nge2 Qb6 10. Bb3 O-O-O 11. Bc2 Nxe5 12. Bxf5 exf5 13. Na4 Qa5+ 14. Kf1
Ng4 15. Nc5 Qb6 16. Rh3 f6 17. Bf4 Ng6 18. Rb3 Qxc5 19. dxc5 Rxd1+ 20. Rxd1
Bxc5 1/2-1/2

[Event "41st Guernsey Intl. -  Holiday  2015"]
[Site "Guernsey, GCI"]
[Date "2015.10.20"]
[Round "3"]
[White "Collins, Alan"]
[Black "Hermes, Geoff R"]
[Result "0-1"]
[WhiteElo "1753"]
[BlackElo "1884"]
[PlyCount "92"]
[EventDate "2015.10.18"]
[EventType "swiss"]
[EventRounds "7"]

1. c4 d6 2. Nc3 e5 3. g3 f5 4. Bg2 Nf6 5. d3 c6 6. Bg5 Be7 7. Nf3 O-O 8. O-O
Be6 9. Rb1 h6 10. Bxf6 Bxf6 11. Nd2 Nd7 12. a3 Rc8 13. Rc1 Qe8 14. b4 a6 15.
Nb3 b6 16. a4 e4 17. Nb1 d5 18. cxd5 cxd5 19. d4 Qe7 20. Qd2 f4 21. Rxc8 Rxc8
22. Rc1 Rxc1+ 23. Nxc1 fxg3 24. hxg3 Bg5 25. e3 Bg4 26. Qc3 Nf6 27. a5 b5 28.
Nb3 Kh7 29. Nc5 Qd6 30. Nd2 h5 31. Nf1 h4 32. gxh4 Bxh4 33. Qe1 Nh5 34. Nh2 Bc8
35. Qe2 Qg6 36. f3 Ng3 37. Qc2 Bf5 38. f4 Nh5 39. Nf1 Bg4 40. Nb3 Bf3 41. Nc5
Ng3 42. Nxg3 Qxg3 43. Qd2 Bxg2 44. Qxg2 Qxe3+ 45. Kh2 Qxf4+ 46. Kh3 g5 0-1

[Event "41st Guernsey Intl. -  Holiday  2015"]
[Site "Guernsey, GCI"]
[Date "2015.10.20"]
[Round "3"]
[White "Hamann, Marcus"]
[Black "Baart, Edwin"]
[Result "1/2-1/2"]
[WhiteElo "1872"]
[BlackElo "1675"]
[PlyCount "78"]
[EventDate "2015.10.18"]
[EventType "swiss"]
[EventRounds "7"]

1. e4 e5 2. Nf3 Nc6 3. d4 exd4 4. Nxd4 Nf6 5. Nxc6 bxc6 6. Bd3 d5 7. exd5 cxd5
8. O-O c6 9. Nd2 Be7 10. Nf3 O-O 11. c4 d4 12. Nxd4 c5 13. Nc6 Qc7 14. Nxe7+
Qxe7 15. Bg5 Be6 16. Qc2 h6 17. Bh4 g5 18. Bg3 Nh5 19. Rae1 Nxg3 20. fxg3 Qd6
21. Qc3 Rad8 22. Bf5 Bxf5 23. Rxf5 Qd4+ 24. Qxd4 Rxd4 25. Rxc5 Rd2 26. b4 Rxa2
27. Rce5 Kg7 28. R1e2 Ra1+ 29. Kf2 Rd8 30. Ke3 Rc1 31. c5 Rc3+ 32. Kf2 Rb3 33.
R5e4 Rb8 34. Re7 a6 35. Ra7 R8xb4 36. c6 Rc4 37. Rxa6 Rbc3 38. h3 Rxc6 39. Rxc6
Rxc6 1/2-1/2

[Event "41st Guernsey Intl. -  Holiday  2015"]
[Site "Guernsey, GCI"]
[Date "2015.10.20"]
[Round "3"]
[White "Day, Fred G"]
[Black "Goris Schouwstra, Adry"]
[Result "0-1"]
[WhiteElo "1510"]
[BlackElo "1835"]
[PlyCount "98"]
[EventDate "2015.10.18"]
[EventType "swiss"]
[EventRounds "7"]

1. c4 c5 2. g3 e5 3. Nc3 Nf6 4. Bg2 a6 5. d3 Be7 6. e4 h6 7. Nge2 O-O 8. Nd5
Nxd5 9. cxd5 d6 10. O-O Nd7 11. b3 Nf6 12. Bb2 Bd7 13. f4 exf4 14. Nxf4 Ng4 15.
Qe2 Ne5 16. h3 Rc8 17. d4 cxd4 18. Bxd4 Bb5 19. Qh5 Bxf1 20. Rxf1 Bf6 21. h4
Rc2 22. Be3 Rc3 23. Bf2 Nd3 24. Be3 Nxf4 25. Bxf4 Qe7 26. Qg4 Be5 27. Bh3 Bxf4
28. Rxf4 Qe5 29. Kg2 Rc2+ 30. Rf2 Rxf2+ 31. Kxf2 Qb2+ 32. Kg1 Qxa2 33. Qd1 Qb2
34. h5 Re8 35. Bf5 Qf6 36. g4 g6 37. hxg6 fxg6 38. Be6+ Kg7 39. Qc2 Qd8 40.
Qc3+ Kh7 41. e5 Rf8 42. Qb4 dxe5 43. Qxb7+ Kh8 44. Qxa6 Qb8 45. d6 Qb4 46. d7
Qe1+ 47. Kg2 Rf2+ 48. Kh3 Qh1+ 49. Kg3 Rf3# 0-1

[Event "41st Guernsey Intl. -  Holiday  2015"]
[Site "Guernsey, GCI"]
[Date "2015.10.20"]
[Round "3"]
[White "Dennis, Nigel W"]
[Black "Vonhoff, Joerg"]
[Result "1-0"]
[WhiteElo "1809"]
[BlackElo "1728"]
[PlyCount "31"]
[EventDate "2015.10.18"]
[EventType "swiss"]
[EventRounds "7"]

1. e4 c5 2. Nf3 d6 3. d4 cxd4 4. Nxd4 Nf6 5. Nc3 a6 6. Be2 b5 7. Bf3 e5 8. Nf5
g6 9. Nh6 Be6 10. O-O Nc6 11. Nd5 Bxd5 12. exd5 Nd4 13. Bg5 Be7 14. Re1 Rf8 15.
Bxf6 Bxf6 16. Qxd4 1-0

[Event "41st Guernsey Intl. -  Holiday  2015"]
[Site "Guernsey, GCI"]
[Date "2015.10.20"]
[Round "3"]
[White "Gibzinski, Stanislaw"]
[Black "Stuart, Brian"]
[Result "0-1"]
[WhiteElo "1281"]
[BlackElo "1758"]
[PlyCount "74"]
[EventDate "2015.10.18"]
[EventType "swiss"]
[EventRounds "7"]

1. c4 Nf6 2. g3 g6 3. Bg2 Bg7 4. Nf3 O-O 5. O-O d6 6. Nc3 c5 7. d4 cxd4 8. Nxd4
a6 9. a4 Qc7 10. Qd3 Nc6 11. Nc2 Ne5 12. Nd5 Nxd5 13. Qxd5 Nxc4 14. Rb1 Nb6 15.
Qd3 Nxa4 16. Nb4 Bf5 17. e4 Be6 18. Nd5 Bxd5 19. Qxd5 Rac8 20. Qa2 Qc2 21. e5
Nc3 22. Qa3 Nxb1 23. Qa5 Rc5 24. Qb6 Rb5 25. Qa7 Bxe5 26. Bg5 Nd2 27. Re1 Rxb2
28. Bxe7 Rb1 29. Qe3 Rxe1+ 30. Qxe1 Rc8 31. Bxb7 Qc1 32. Qxc1 Rxc1+ 33. Kg2 Rc7
34. Bg5 Rxb7 35. Bxd2 Rb2 36. Be3 a5 37. Bc1 a4 0-1

[Event "41st Guernsey Intl. -  Holiday  2015"]
[Site "Guernsey, GCI"]
[Date "2015.10.20"]
[Round "3"]
[White "Hoogakker, Peter"]
[Black "Bakkes, Frits"]
[Result "1-0"]
[WhiteElo "1755"]
[BlackElo "1632"]
[PlyCount "33"]
[EventDate "2015.10.18"]
[EventType "swiss"]
[EventRounds "7"]

1. e4 c5 2. Nf3 Nc6 3. c3 d6 4. d4 Bg4 5. d5 Nb8 6. Bb5+ Nd7 7. h3 Bxf3 8. Qxf3
a6 9. Bxd7+ Qxd7 10. c4 b5 11. b3 bxc4 12. bxc4 Rb8 13. Qa3 Qb7 14. Qa4+ Kd8
15. Bd2 e6 16. Ba5+ Kc8 17. Qe8# 1-0

[Event "41st Guernsey Intl. -  Holiday  2015"]
[Site "Guernsey, GCI"]
[Date "2015.10.20"]
[Round "3"]
[White "Nielsen, Jorgen Holmstrom"]
[Black "Lorthioir, Romuald"]
[Result "1/2-1/2"]
[WhiteElo "1889"]
[BlackElo "1491"]
[PlyCount "88"]
[EventDate "2015.10.18"]
[EventType "swiss"]
[EventRounds "7"]

1. Nc3 c6 2. Nf3 d5 3. e4 dxe4 4. Nxe4 Bg4 5. Bc4 e6 6. c3 Bxf3 7. Qxf3 Nf6 8.
d4 Nbd7 9. Bf4 Nxe4 10. Qxe4 Nf6 11. Qc2 Bd6 12. Bg5 Be7 13. Bd3 h6 14. Bd2 Qc7
15. g3 O-O 16. f4 c5 17. dxc5 Bxc5 18. O-O-O Qb6 19. Rde1 Rfd8 20. f5 exf5 21.
Bxf5 Qc6 22. g4 Re8 23. g5 hxg5 24. Rhf1 Rxe1+ 25. Rxe1 Re8 26. Rxe8+ Qxe8 27.
Bxg5 Be3+ 28. Bxe3 Qxe3+ 29. Qd2 Qxd2+ 30. Kxd2 Kf8 31. c4 b6 32. b4 Ne8 33.
Kd3 Ke7 34. a4 Kd6 35. Kd4 Nc7 36. c5+ bxc5+ 37. bxc5+ Ke7 38. h4 Kf6 39. Bg4
Ke7 40. h5 Kf6 41. c6 Ke7 42. Kc5 Na6+ 43. Kd5 Nc7+ 44. Ke5 Na6 1/2-1/2

[Event "41st Guernsey Intl. -  Holiday  2015"]
[Site "Guernsey, GCI"]
[Date "2015.10.20"]
[Round "3"]
[White "Norman, Dinah M"]
[Black "Colsen, Manuel"]
[Result "1/2-1/2"]
[WhiteElo "1839"]
[BlackElo "1644"]
[PlyCount "50"]
[EventDate "2015.10.18"]
[EventType "swiss"]
[EventRounds "7"]

1. d4 d5 2. Nf3 Nf6 3. e3 g6 4. c4 c6 5. Nc3 Bg4 6. h3 Bxf3 7. Qxf3 e6 8. cxd5
cxd5 9. Bd3 Nc6 10. a3 Bg7 11. O-O O-O 12. Qd1 a6 13. Bd2 Rc8 14. Rc1 e5 15.
dxe5 Nxe5 16. Qe2 d4 17. exd4 Qxd4 18. Bb1 Nc4 19. Be3 Nxe3 20. Qxe3 Qxe3 21.
fxe3 Rfe8 22. e4 Bh6 23. Rcd1 Be3+ 24. Kh2 Bg5 25. Ba2 Kg7 1/2-1/2

[Event "41st Guernsey Intl. -  Holiday  2015"]
[Site "Guernsey, GCI"]
[Date "2015.10.20"]
[Round "3"]
[White "Goman, Colin"]
[Black "Joyeux, Gerard"]
[Result "0-1"]
[WhiteElo "1804"]
[BlackElo "1594"]
[PlyCount "92"]
[EventDate "2015.10.18"]
[EventType "swiss"]
[EventRounds "7"]

1. d4 Nf6 2. Nf3 e6 3. Bg5 Be7 4. e3 b6 5. Bd3 Bb7 6. Nbd2 Nc6 7. a3 h6 8. Bh4
Nh5 9. Bxe7 Qxe7 10. c4 Nf6 11. b4 O-O 12. O-O d6 13. Rc1 e5 14. e4 Nxd4 15.
Nxd4 exd4 16. Nb3 c5 17. f3 Rfe8 18. Qd2 Nd7 19. b5 Ne5 20. Be2 a6 21. a4 a5
22. Rce1 Qe6 23. Qc1 d3 24. Bd1 Nxc4 25. Qc3 Rad8 26. Qxd3 Nb2 27. Qc2 Nxd1 28.
Rxd1 d5 29. exd5 Rxd5 30. Rxd5 Bxd5 31. Nxc5 Qe3+ 32. Kh1 Qxc5 33. Qxc5 bxc5
34. b6 Bb3 35. b7 Rb8 36. Rc1 c4 37. Kg1 Rxb7 38. Kf2 Rc7 39. Ke3 Bxa4 40. Ra1
Bb3 41. Rxa5 Re7+ 42. Kd2 Rd7+ 43. Kc3 Rd3+ 44. Kb4 Rd2 45. Ra8+ Kh7 46. Ra7 f6
0-1

[Event "41st Guernsey Intl. -  Holiday  2015"]
[Site "Guernsey, GCI"]
[Date "2015.10.20"]
[Round "3"]
[White "Kearsley, Raymond J"]
[Black "Akeya Price, Robert"]
[Result "1-0"]
[WhiteElo "1718"]
[BlackElo "1517"]
[PlyCount "77"]
[EventDate "2015.10.18"]
[EventType "swiss"]
[EventRounds "7"]

1. e4 e6 2. d4 d5 3. e5 c5 4. c3 Nc6 5. Nf3 Qb6 6. Bd3 Bd7 7. O-O cxd4 8. cxd4
Nxd4 9. Nxd4 Qxd4 10. Nc3 a6 11. Qe2 Bb4 12. Kh1 Bxc3 13. bxc3 Qxc3 14. Bb2 Qa5
15. f4 g6 16. f5 gxf5 17. Bxf5 Bb5 18. Bd3 Bxd3 19. Qxd3 Ne7 20. Qf3 Kd7 21.
Ba3 Raf8 22. Bd6 Ke8 23. Rac1 Nc6 24. Qf6 Qd8 25. Qg7 Qd7 26. Rf2 Rfg8 27. Qf6
h6 28. Rcf1 Rh7 29. Qh4 Rg5 30. Rf6 Qd8 31. Rxh6 Rxh6 32. Qxh6 Nxe5 33. Bxe5
Rg4 34. Qh8+ Kd7 35. Rxf7+ Kc8 36. Rc7+ Kb8 37. Qxd8+ Ka7 38. Rc8 b5 39. Qc7#
1-0

[Event "41st Guernsey Intl. -  Holiday  2015"]
[Site "Guernsey, GCI"]
[Date "2015.10.20"]
[Round "3"]
[White "Brown, Jim"]
[Black "Ruigrok, Jacques"]
[Result "0-1"]
[WhiteElo "1195"]
[BlackElo "1707"]
[PlyCount "64"]
[EventDate "2015.10.18"]
[EventType "swiss"]
[EventRounds "7"]

1. Nf3 d5 2. d4 e6 3. e3 Nf6 4. Nbd2 Be7 5. Be2 O-O 6. O-O Nc6 7. a3 Bd6 8. b4
a6 9. Bb2 b5 10. Rc1 Re8 11. h3 e5 12. dxe5 Nxe5 13. Nxe5 Bxe5 14. Bxe5 Rxe5
15. Nf3 Re8 16. c3 c6 17. Bd3 Ne4 18. Rc2 f5 19. Re1 Bd7 20. Rf1 Qf6 21. Bxe4
fxe4 22. Nh2 Qg6 23. Kh1 Re7 24. Ng4 h5 25. Nh2 Rf8 26. Rg1 Ref7 27. Rf1 Qg5
28. Re2 g6 29. Qe1 Qh4 30. Kg1 Kh7 31. Rd2 Qg5 32. Re2 Bxh3 0-1

[Event "41st Guernsey Intl. -  Holiday  2015"]
[Site "Guernsey, GCI"]
[Date "2015.10.20"]
[Round "3"]
[White "Gstalter, Herbert"]
[Black "Jongerius, Marc"]
[Result "1/2-1/2"]
[WhiteElo "1640"]
[BlackElo "1718"]
[PlyCount "45"]
[EventDate "2015.10.18"]
[EventType "swiss"]
[EventRounds "7"]

1. d4 Nf6 2. c4 d5 3. Nf3 e6 4. Bg5 Nbd7 5. cxd5 exd5 6. Nc3 c6 7. e3 Qa5 8.
Bd3 Ne4 9. Qc2 Ndf6 10. Bxf6 Nxf6 11. O-O Bd6 12. h3 h6 13. a3 O-O 14. b4 Qc7
15. Rfc1 a6 16. Rab1 Bd7 17. Qb3 Rfc8 18. a4 Qd8 19. Re1 Be6 20. a5 Ne4 21. Qc2
Nxc3 22. Qxc3 Qe7 23. Ne5 1/2-1/2

[Event "41st Guernsey Intl. -  Holiday  2015"]
[Site "Guernsey, GCI"]
[Date "2015.10.20"]
[Round "3"]
[White "Namazbayeva, Sholpan"]
[Black "Karcher, Berthold"]
[Result "0-1"]
[WhiteElo "1449"]
[BlackElo "1871"]
[PlyCount "94"]
[EventDate "2015.10.18"]
[EventType "swiss"]
[EventRounds "7"]

1. d4 Nf6 2. c4 e6 3. Nf3 c5 4. Nc3 a6 5. e4 cxd4 6. Nxd4 Bc5 7. Be3 d6 8. Nc2
Qc7 9. h3 Bd7 10. Bd3 O-O 11. O-O Nc6 12. Bxc5 dxc5 13. Qd2 Rad8 14. Rad1 Bc8
15. Qe3 Nd4 16. e5 Nd7 17. f4 f6 18. f5 Nxe5 19. fxe6 Bxe6 20. b3 Bf7 21. Be4
Nxc2 22. Bxc2 Bg6 23. Nd5 Rxd5 24. Rxd5 Bxc2 25. Qxc5 Qxc5+ 26. Rxc5 Be4 27.
Rc7 Bc6 28. a3 h6 29. Rf4 Rd8 30. b4 Rd1+ 31. Kh2 Rd2 32. Rc8+ Kh7 33. Kg1
Rxg2+ 34. Kf1 Rb2 35. Rf2 Nxc4 36. Rxb2 Nxb2 37. Rd8 Nc4 38. Rd3 Nb6 39. Rc3
Nd5 40. Rc5 g5 41. Kf2 Nf4 42. Kg3 h5 43. h4 Ne6 44. Rc4 Kg6 45. Rc3 Nd4 46.
Kh3 g4+ 47. Kh2 Nf5 0-1

[Event "41st Guernsey Intl. -  Holiday  2015"]
[Site "Guernsey, GCI"]
[Date "2015.10.20"]
[Round "3"]
[White "Rowe, Oliver"]
[Black "Wickham, Michael"]
[Result "0-1"]
[WhiteElo "1561"]
[BlackElo "1728"]
[PlyCount "114"]
[EventDate "2015.10.18"]
[EventType "swiss"]
[EventRounds "7"]

1. d4 d5 2. Bf4 c5 3. e3 Nc6 4. c3 e6 5. Nf3 Nf6 6. h3 cxd4 7. exd4 Ne4 8. Bd3
Qf6 9. Bh2 Bd6 10. Bxd6 Nxd6 11. O-O O-O 12. Re1 Nf5 13. Qc2 g6 14. Bxf5 gxf5
15. Qd2 Qg7 16. Qg5 Bd7 17. Qxg7+ Kxg7 18. Ne5 Nxe5 19. dxe5 f6 20. Nd2 Rae8
21. Nf3 f4 22. exf6+ Kxf6 23. Ne5 Ke7 24. Rad1 Bc6 25. Rd2 Rf6 26. g4 fxg3 27.
fxg3 Rg8 28. Kh2 Rgf8 29. Kg2 Kd6 30. Nxc6 bxc6 31. Ree2 e5 32. Rf2 e4 33.
Rxf6+ Rxf6 34. Rf2 Re6 35. g4 c5 36. Kf1 d4 37. Ke2 Rh6 38. Rh2 Ke5 39. cxd4+
cxd4 40. b4 a5 41. bxa5 Kf4 42. Rf2+ Kg3 43. g5 Rc6 44. Rf1 Rc2+ 45. Kd1 Rxa2
46. Re1 Kf3 47. Kc1 Rxa5 48. Rf1+ Ke3 49. Re1+ Kd3 50. Kb2 Rb5+ 51. Kc1 Rxg5
52. Rd1+ Kc3 53. Re1 d3 54. Kd1 e3 55. Rxe3 Rg1+ 56. Re1 Rxe1+ 57. Kxe1 Kc2 0-1

[Event "41st Guernsey Intl. -  Holiday  2015"]
[Site "Guernsey, GCI"]
[Date "2015.10.20"]
[Round "3"]
[White "Van Beek, Ronald"]
[Black "Foster, Paul"]
[Result "1-0"]
[WhiteElo "1297"]
[BlackElo "1653"]
[PlyCount "87"]
[EventDate "2015.10.18"]
[EventType "swiss"]
[EventRounds "7"]

1. d4 Nf6 2. Nf3 e6 3. Bg5 Be7 4. e3 Ne4 5. Bxe7 Qxe7 6. Bd3 Nd6 7. O-O b6 8.
Nbd2 f5 9. c4 Bb7 10. Qc2 O-O 11. Rae1 Nc6 12. a3 Nd8 13. b4 N8f7 14. c5 Ne8
15. cxb6 cxb6 16. Qb2 Ng5 17. Nxg5 Qxg5 18. f3 Nd6 19. e4 fxe4 20. Nxe4 Nxe4
21. fxe4 Rac8 22. Qe2 Rc7 23. Qe3 Qxe3+ 24. Rxe3 Rc3 25. Rh3 g6 26. Bb5 Rxh3
27. gxh3 Bxe4 28. Bxd7 Bd5 29. Re1 Rf6 30. Rc1 Kg7 31. Rc7 Kh6 32. Rxa7 Rf3 33.
Ra6 Rxh3 34. Rxb6 Rxa3 35. Bxe6 Be4 36. d5 Rd3 37. d6 Kg5 38. d7 Kf4 39. Rb8
Rd1+ 40. Kf2 Rd2+ 41. Ke1 Ke3 42. d8=Q Re2+ 43. Kd1 Bc2+ 44. Kc1 1-0

[Event "41st Guernsey Intl. -  Holiday  2015"]
[Site "Guernsey, GCI"]
[Date "2015.10.20"]
[Round "3"]
[White "Jones, Tim"]
[Black "O'Connell, Denis"]
[Result "0-1"]
[WhiteElo "1518"]
[BlackElo "1811"]
[PlyCount "104"]
[EventDate "2015.10.18"]
[EventType "swiss"]
[EventRounds "7"]

1. e4 d5 2. exd5 Nf6 3. d4 Bg4 4. Nf3 Qxd5 5. Nc3 Qf5 6. Be2 Nc6 7. Be3 O-O-O
8. Nh4 Bxe2 9. Nxf5 Bxd1 10. Rxd1 e6 11. Nh4 Bb4 12. Nf3 Ne4 13. Rd3 Nxc3 14.
bxc3 Ba5 15. O-O a6 16. Rfd1 Ne7 17. Ng5 Rdf8 18. Bc1 h6 19. Ba3 hxg5 20. Bxe7
Re8 21. Bxg5 Rh5 22. Bf4 c6 23. h3 Rb5 24. c4 Rb2 25. a3 Rxc2 26. c5 Rd8 27.
Kf1 Rd5 28. Be3 Bc7 29. R3d2 Rc3 30. Rd3 Rxd3 31. Rxd3 e5 32. f3 b5 33. Ke2
exd4 34. Rxd4 Rxc5 35. Rd8+ Bxd8 36. Bxc5 Kd7 37. Kd3 Be7 38. Kd4 Bxc5+ 39.
Kxc5 a5 40. g4 Ke6 41. f4 Ke7 42. h4 Kf8 43. Kd4 Ke7 44. Kc5 Ke6 45. h5 Kf6 46.
Kd4 Ke7 47. Kc5 Ke6 48. Kd4 Ke7 49. g5 Ke6 50. h6 gxh6 51. f5+ Kxf5 52. gxh6
Kg6 0-1

[Event "41st Guernsey Intl. -  Holiday  2015"]
[Site "Guernsey, GCI"]
[Date "2015.10.20"]
[Round "3"]
[White "Reutimann, Hans Peter"]
[Black "Wood, Stuart E"]
[Result "1-0"]
[WhiteElo "1780"]
[BlackElo "1543"]
[PlyCount "57"]
[EventDate "2015.10.18"]
[EventType "swiss"]
[EventRounds "7"]

1. d4 d5 2. Nf3 e6 3. Bf4 Bd6 4. Bg3 Bxg3 5. hxg3 Nf6 6. e3 Nbd7 7. Nbd2 Ne4 8.
Bd3 f5 9. Nh4 Ndf6 10. Qe2 c5 11. c3 Qb6 12. Rb1 Nxd2 13. Qxd2 c4 14. Bc2 O-O
15. Nf3 Ne4 16. Qe2 Qc7 17. Ne5 Nf6 18. f4 Bd7 19. g4 Ne4 20. Qf3 Be8 21. g5 g6
22. Ke2 b5 23. a3 a5 24. Rh6 b4 25. Bxe4 dxe4 26. Qh3 bxa3 27. bxa3 Ra7 28. Qh1
Rb7 29. Qc1 $138 {Black lost on time.} 1-0

[Event "41st Guernsey Intl. -  Holiday  2015"]
[Site "Guernsey, GCI"]
[Date "2015.10.20"]
[Round "3"]
[White "Abbas, Ahmed C"]
[Black "Savident, David"]
[Result "0-1"]
[WhiteElo "1486"]
[BlackElo "1704"]
[PlyCount "122"]
[EventDate "2015.10.18"]
[EventType "swiss"]
[EventRounds "7"]

1. e4 c5 2. c3 d6 3. Nf3 Nf6 4. h3 Nc6 5. Bd3 g6 6. O-O Bg7 7. Bc2 O-O 8. d4
cxd4 9. cxd4 Nb4 10. Bb3 Qc7 11. Nc3 Bd7 12. a3 Nc6 13. Bf4 Nh5 14. Be3 a6 15.
Rc1 Qd8 16. Qd2 Na5 17. Ba2 b5 18. Bh6 Rc8 19. Bxg7 Kxg7 20. Nd5 Nc6 21. Rfe1
e6 22. Nb4 Nxb4 23. Qxb4 Qb6 24. Qd2 Kg8 25. Red1 Nf6 26. Bb1 Kg7 27. e5 Nd5
28. exd6 Qxd6 29. Ne5 Rxc1 30. Rxc1 Rc8 31. Re1 b4 32. axb4 Bb5 33. Qh6+ Kg8
34. Rc1 Rxc1+ 35. Qxc1 Nxb4 36. Ng4 Qxd4 37. Kh2 Nd5 38. Qc8+ Kg7 39. Ba2 h5
40. Bxd5 hxg4 41. Bb7 gxh3 42. Kxh3 Qxb2 43. Qc5 Qb3+ 44. Bf3 Qb2 45. Qb6 Qe5
46. Qa5 Qd4 47. Qe1 e5 48. Kh2 Bd3 49. Qd2 Bc4 50. Qc2 a5 51. Be2 Bxe2 52. Qxe2
a4 53. Qa2 Qh4+ 54. Kg1 Qb4 55. Qd5 Qc3 56. g4 Qd4 57. Qf3 Qf4 58. Qe2 a3 59.
Kg2 e4 60. Kf1 Qf3 61. Qd2 Qd3+ 0-1

[Event "41st Guernsey Intl. -  Holiday  2015"]
[Site "Guernsey, GCI"]
[Date "2015.10.20"]
[Round "3"]
[White "Wale, Ray"]
[Black "Jones, Sid"]
[Result "1-0"]
[WhiteElo "1660"]
[BlackElo "1435"]
[PlyCount "31"]
[EventDate "2015.10.18"]
[EventType "swiss"]
[EventRounds "7"]

1. e4 c5 2. Nf3 Nc6 3. Bc4 e6 4. Nc3 Nf6 5. e5 Ng4 6. d4 cxd4 7. Nxd4 Nxd4 8.
Qxd4 Nh6 9. Bxh6 gxh6 10. O-O-O a6 11. f4 Qc7 12. Ne4 Be7 13. Rhf1 b5 14. Bb3
Bb7 15. Nd6+ Bxd6 16. exd6 1-0